| 000 | 00671nam a2200265Ia 4500 | ||
|---|---|---|---|
| 003 | OSt | ||
| 005 | 20230916115915.0 | ||
| 008 | 210324s9999||||xx |||||||||||||| ||und|| | ||
| 040 | _cSTCPL | ||
| 041 | _aENG | ||
| 082 |
_a561 _bSEW-F V.1 |
||
| 100 | _aSeward, A. C. | ||
| 245 | 0 |
_aFossil plants : _bA text book for students of botany and geology Vol.1 / _cby A. C. Seward |
|
| 260 |
_aLondon : _bHafner Publishing Company , _c1963 . |
||
| 300 |
_a452 p. _bHB |
||
| 650 | _aPsilotales | ||
| 650 | _aCordaitales | ||
| 650 | _aCycadofilices | ||
| 942 | _cBK | ||
| 942 |
_2ddc _n0 |
||
| 942 |
_2ddc _n0 |
||
| 942 |
_2ddc _n0 |
||
| 942 |
_2ddc _n0 |
||
| 942 |
_2ddc _n0 |
||
| 999 |
_c79957 _d79957 |
||